8051 Microcontroller And Embedded Systems (Record no. 303043)

MARC details
000 -LEADER
fixed length control field 00501nam a2200169Ia 4500
008 - FIXED-LENGTH DATA ELEMENTS--GENERAL INFORMATION
fixed length control field 230718s9999 xx 000 0 und d
041 ## - LANGUAGE CODE
Language code of text/sound track or separate title eng
082 ## - DEWEY DECIMAL CLASSIFICATION NUMBER
Classification number 004.165
Item number MAZ
100 ## - MAIN ENTRY--PERSONAL NAME
Personal name Mazidi M.A.
245 ## - TITLE STATEMENT
Title 8051 Microcontroller And Embedded Systems
Remainder of title Using Assembly And C
250 ## - EDITION STATEMENT
Edition statement 2nd ed.
260 ## - PUBLICATION, DISTRIBUTION, ETC. (IMPRINT)
Date of publication, distribution, etc. 2000
Name of publisher, distributor, etc. Printice Hall
300 ## - PHYSICAL DESCRIPTION
Extent 436
Accompanying material [OBSOLETE, CAN/MARC] Ref 955 E (27104)
365 ## - TRADE PRICE
Currency code Rs.
Price amount 325.00
700 ## - ADDED ENTRY--PERSONAL NAME
Personal name Mazidi M.A., Mazidi J.G. & Mckinaly R.D.
906 ## - LOCAL DATA ELEMENT F, LDF (RLIN)
d B:225605-Feb-2002
c ETC
b 48.75
Holdings
Withdrawn status Lost status Damaged status Not for loan Home library Current library Date acquired Vendor Budget Code Cost, normal purchase price Bill number Total Checkouts Full call number Barcode Date last seen Date last checked out Discount Cost, replacement price Bill Date Koha item type Original Barcode
        Cummins College of Engineering for Women Pune Cummins College of Engineering for Women Pune 02/03/2002 Varma Book Distributors ETC 276.25 2256 6 004.165 CCEP-BK-14250 08/04/2025 20/03/2025 48.75 325.00 05/02/2002 Books 014250